Lebanon : Use of Fund Resources; Request for Emergency Post-Conflict Assistance; Staff Report; and Press Release on the Executive Board Discussion.

The Lebanese authorities have requested follow-up Emergency Post-Conflict Assistance with an access of 12.5 percent of quota to support their economic program. The 2006 war with Israel led to a political stalemate and repeated outbreaks of domestic fighting until the formation of a national unity go...

詳細記述

書誌詳細
団体著者: International Monetary Fund
フォーマット: 雑誌
言語:English
出版事項: Washington, D.C. : International Monetary Fund, 2008.
シリーズ:IMF Staff Country Reports; Country Report ; No. 2008/363
オンライン・アクセス:Full text available on IMF
LEADER 01675cas a2200241 a 4500
001 AALejournalIMF005495
008 230101c9999 xx r poo 0 0eng d
020 |c 5.00 USD 
020 |z 9781451822748 
022 |a 1934-7685 
040 |a BD-DhAAL  |c BD-DhAAL 
110 2 |a International Monetary Fund. 
245 1 0 |a Lebanon :   |b Use of Fund Resources; Request for Emergency Post-Conflict Assistance; Staff Report; and Press Release on the Executive Board Discussion. 
264 1 |a Washington, D.C. :  |b International Monetary Fund,  |c 2008. 
300 |a 1 online resource (61 pages) 
490 1 |a IMF Staff Country Reports 
500 |a <strong>Off-Campus Access:</strong> No User ID or Password Required 
500 |a <strong>On-Campus Access:</strong> No User ID or Password Required 
506 |a Electronic access restricted to authorized BRAC University faculty, staff and students 
520 3 |a The Lebanese authorities have requested follow-up Emergency Post-Conflict Assistance with an access of 12.5 percent of quota to support their economic program. The 2006 war with Israel led to a political stalemate and repeated outbreaks of domestic fighting until the formation of a national unity government in July 2008. Macroeconomic conditions have improved, but fuel and food prices have boosted inflation. Financial market developments have been favorable, despite the global financial crisis, which has had little effect on Lebanon. 
538 |a Mode of access: Internet 
830 0 |a IMF Staff Country Reports; Country Report ;  |v No. 2008/363 
856 4 0 |z Full text available on IMF  |u http://elibrary.imf.org/view/journals/002/2008/363/002.2008.issue-363-en.xml  |z IMF e-Library